Vplyv športovej diplomacie na zahraničnú politiku Ruskej federácie bakalárska práca

Uložené v:
Podrobná bibliografia
Hlavný autor: Andrišinová, Michaela
Korporativný autor: Fakulta medzinárodných vzťahov EU. Katedra medzinárodného práva
Ďalší autori: Klenka, Michal
Médium: Kniha
Jazyk:Slovak
Vydavateľské údaje: Bratislava 2018
Tagy: Pridať tag
Žiadne tagy, Buďte prvý, kto otaguje tento záznam!

MARC

LEADER 00000nbm a2200000 4500
001 0244534
005 20180803090149.9
041 0 |a slo 
044 |a SK 
245 1 0 |a Vplyv športovej diplomacie na zahraničnú politiku Ruskej federácie  |b bakalárska práca  |c Michaela Andrišinová ; školiteľ: Michal Klenka 
264 1 |a Bratislava  |c 2018 
300 |a 48 s. 
100 1 |a Andrišinová, Michaela 
700 1 |a Klenka, Michal 
710 2 |a Fakulta medzinárodných vzťahov EU. Katedra medzinárodného práva